000 00417nam a2200181Ia 4500
001 3659
005 20260306145659.0
008 260306t2017||||xx |||||||||||||| ||spa||
041 _aESP
082 _a301
_bS49
100 _aSibilia, Paula
_eAUT
245 0 _aLa intimidad como espectáculo
260 _c2017
300 _a325 páginas :
_c21 cm.
650 _aGEN
654 _aCHU
942 _cLIB
_dJUS
_fJUS
_2ddc
_n
999 _c3659
_d3659